| 000 | 00328nam a2200121Ia 4500 | ||
|---|---|---|---|
| 008 | 150202s9999 xx 000 0 und d | ||
| 050 |
_aFIC _bFIC |
||
| 100 | _aGreene, Graham. | ||
| 245 | 4 |
_aThe human factor / _cGraham Greene. |
|
| 260 |
_aNew York : _bAvon Books, _c1978. |
||
| 300 |
_a302 pages : _c18 cm. |
||
| 650 | _aFiction. | ||
| 999 |
_c282062 _d282062 |
||